The power of data storytelling (Record no. 173279)

MARC details
000 -LEADER
fixed length control field 00598nam a22002057a 4500
005 - DATE AND TIME OF LATEST TRANSACTION
control field 20200221120359.0
010 ## - LCCN (DPL NO)
LC control number ENG-127935
020 ## - INTERNATIONAL STANDARD BOOK NUMBER
International Standard Book Number 9789353282905
Terms of availability 495.00
035 ## - SYSTEM CONTROL NUMBER
System control number EN-111467
037 ## - SOURCE OF ACQUISITION
Source of stock number/acquisition DBAD/PUB
082 ## - DEWEY DECIMAL CLASSIFICATION NUMBER
Classification number 658.452
100 ## - MAIN ENTRY--PERSONAL NAME
Personal name Vora, Sejal
245 ## - TITLE STATEMENT
Title The power of data storytelling
Statement of responsibility, etc by Sejal Vora
250 ## - EDITION STATEMENT
Edition statement 2019
260 ## - PUBLICATION, DISTRIBUTION, ETC. (IMPRINT)
Place of publication, distribution, etc New Delhi
Name of publisher, distributor, etc Sage Publication India
Date of publication, distribution, etc 2019
270 ## - ADDRESS
Address B1/1-1 Mohan Cooperative Industrial Area Mathura Road
City New Delhi
Postal code 110044
300 ## - PHYSICAL DESCRIPTION
Extent xiii;203p.
Dimensions 22cm(pbk)
500 ## - GENERAL NOTE
General note <br/>
942 ## - ADDED ENTRY ELEMENTS (KOHA)
Source of classification or shelving scheme Dewey Decimal Classification
Item type English Books
Classification part 658.452
Call number suffix VOR
Holdings
Withdrawn status Lost status Not for loan Collection code Home library Current library Date acquired Source of acquisition Cost, normal purchase price Full call number Barcode Copy number Cost, replacement price Koha item type
      Non-fiction Central Library Central Library 21/02/2020 DBAD/PUB 495.00 658.452 VOR EN-111467 1 495.00 English Books

© Delhi Public Library
Hit Counter
free hit counter